| 000 | 01042pam a2200289 a 4500 | ||
|---|---|---|---|
| 001 | 1983438 | ||
| 003 | GBCCL | ||
| 005 | 20241126110359.0 | ||
| 008 | 891212s1990 nyua b 001 0 eng | ||
| 010 | _a 89077599 | ||
| 020 | _a088344643X | ||
| 040 |
_aDLC _cDLC _dDLC |
||
| 050 | 0 | 0 |
_aBR115.C8 _bA67 1990 |
| 082 | 0 | 0 |
_a266.001 _a261 _220 _bARB |
| 100 | 1 |
_aArbuckle, Gerald A. _92656 |
|
| 245 | 1 | 0 |
_aEarthing the Gospel : _ban inculturation handbook for pastoral workers / _cGerald A. Arbuckle. |
| 260 |
_aMaryknoll, N.Y. : _bOrbis Books, _cc1990. |
||
| 300 |
_a236 p. : _bill. ; _c24 cm. |
||
| 504 | _aIncludes bibliographical references(p. [221]-236). | ||
| 650 | 0 |
_aChristianity and culture. _9886 |
|
| 650 | 0 |
_aMissions _xTheory. _948 |
|
| 650 | 0 |
_aEvangelistic work _xPhilosophy. _92225 |
|
| 650 | 0 |
_aEthnology _xReligious aspects _xChristianity. _92224 |
|
| 906 |
_a7 _bcbc _corignew _d1 _eopcn _f19 _gy-gencatlg |
||
| 942 |
_2ddc _cBK _01 |
||
| 999 |
_c1347 _d1347 |
||